000 00916nas a2200325 4500
001 BR0503011
003 BR-BrBNA
005 20231205105413.0
007 ta
008 230509b bl.|||p| |||| 00| 00por d
040 _aBR-BrBNA
_bpor
_cBiblioteca Nacional de Agricultura
041 _a(Pt)
072 _aL74
100 1 _aBorges, A.S.
100 1 _aSilva, D.P.G. da
100 1 _aGonçalves, R.C.
100 1 _aKuchembuck, M.R.G.
100 1 _aChiacchio, S.B.
100 1 _aMendes, L.C.N.
100 1 _aBandarra, E.P.
245 1 _aIonóforos e equinos: uma combinação fatal
650 _aEQUINO
650 _aINTOXICAÇÃO ANIMAL
650 _aANTIBIÓTICO
650 _aRAÇÃO
650 _aMORTE SÚBITA
773 0 _tRevista de Educação Continuada (Brazil)
_xISSN 1516-3326
_g(2001), v. 4(2) p. 33-40
_wBR0503011
909 _a202311
_bLúcia
_c55
_dLúcia Elande
942 _2AGRIS
_n0
_cANA
999 _c182796
_d182796